000 00406nam a2200157Ia 4500
008 240729s9999 xx 000 0 und d
022 _a1555-8592
245 0 _aOrganogenesis
260 _aUnited Kingdom
260 _bTaylor & Francis Group
650 _a Biology (General)
650 _aScience
856 _uhttps://doaj.org/toc/b1ef68615b6d4d0a868ab2aae1b7475b
942 _2ddc
942 _cDOAJEJ
999 _c72437
_d72437
945 _a1
_bMadushi Gamage
_c1
_dMadushi Gamage